000 00570cam a2200181 4500
001 4778
005 20230821154154.0
008 110509s2010 xna b 000 0 eng d
010 _a 2011381660
245 1 4 _aAcademic skills ACS 101 :
_bStudent Materials.
260 _a[Thimphu] :
_bRoyal Thimphu College,
_c[2013].[2019]
500 _aXerographic copy in a binder.
520 _aBachelor of arts : Academic Skills.
650 0 _aCollege student development programs.
650 0 _aCounseling in higher education.
650 0 _aFaculty advisors.
942 _2ddc
_cMAIN
999 _c3964
_d3964